• 首页
  • 本馆介绍
  • 公告通知
  • 最新文献
  • 馆藏检索
  • 电子资源
  • 读者导购
  • 参考咨询
  • 我的图书馆
  • 登录
  • 详细信息显示
  • 放入我的书架
  • 预约/预借图书
  • 作者相关作品
  • 分类相关作品
  • 丛书相关作品
  • 出版社相关作品

书目信息

  • 表格格式
  • 工作单格式
  • 卡片格式
题名:
李渊传
    
 
作者: 严亚珍 著
分册:  
出版信息: 西安   三秦出版社  2012.12
页数: 478页
开本: 26cm
丛书名:
单 册:
中图分类: K827=421
科图分类:
主题词: 唐高祖(566-635)--传记
电子资源:
ISBN: 978-7-5518-0370-0
000 00795nam0 22002291 450
001 338952
005 20150604153614.70
010    @a978-7-5518-0370-0@dCNY39.80
100    @a20130101d2012 em y0chiy0110 ea
101 0  @achi
102    @aCN@b610000
105    @ay z 000yy
106    @ar
200 1  @a李渊传@Ali yuan chuan@f严亚珍著
210    @a西安@c三秦出版社@d2012.12
215    @a478页@d26cm
330    @a李渊是唐朝的开国皇帝, 他生逢乱世, 出身北朝的关陇贵族, 七岁时袭封唐国公。趁着天下大乱时, 李渊揭竿而起, 从太原起兵, 攻占长安。这千古帝王开创了中国历史上最为强盛的时代, 他的传奇值得我们每一个人去赞扬与诵读。
606 0  @a唐高祖(566-635)@x传记
690    @aK827=421@v5
701  0 @a严亚珍@Ayan ya zhen@4著
801  0 @aCN@b卓展宏图@c20150525
905    @dK827=421@e561YY@f4
    
    李渊传/严亚珍著.-西安:三秦出版社,2012.12
    478页;26cm
    
    
    ISBN 978-7-5518-0370-0:CNY39.80
    李渊是唐朝的开国皇帝, 他生逢乱世, 出身北朝的关陇贵族, 七岁时袭封唐国公。趁着天下大乱时, 李渊揭竿而起, 从太原起兵, 攻占长安。这千古帝王开创了中国历史上最为强盛的时代, 他的传奇值得我们每一个人去赞扬与诵读。
●
相关链接 在E读中查询图书 在五车中查询图书 在当当中查询图书 在豆瓣中查询图书


正题名:李渊传     索取号:K827=421/561YY         预约/预借

序号 登录号 条形码 馆藏地/架位号 状态 备注
1 858665   208586653   第二样本阅览室/ [索取号:K827=421/561YY] 在馆    
2 858666   208586662   第二借阅区/ [索取号:K827=421/561YY] 在馆    
3 858667   208586671   第二借阅区/ [索取号:K827=421/561YY] 在馆    
4 858668   208586680   第二借阅区/ [索取号:K827=421/561YY] 在馆    
唐山师范学院图书馆 欢迎您!
大连网信软件有限公司© 版权所有